000 00511cam a2200205ua 4500
001 10127
005 20260515114554.0
008 170331n ii |||gr||||Z||||||asm
020 _a9789382283706
040 _cMAIN
041 _aasm
082 _a491.451
100 _aBaruah, Anup Kumar,
_eAuthor.
245 _aAsamiya bhashar bhashatattik adhyayan
_cBy Anup Kumar Baruah
250 _a1st ed.
260 _aDibrugarh:
_bKaustubh,
_c2014.
300 _a154p.
653 _aAssamese language
942 _cBK
999 _c9116
_d9116